Every Governor of Ohio - Statistics

General Stats
  • This quiz has been taken 45 times
  • The average score is 18 of 70
Answer Stats
Picture Hint Answer % Correct
R(1999-2007) Bob Taft
95%
R(2019-) Mike DeWine
95%
R(2011-2019) John Kasich
90%
D(2007-2011) Ted Strickland
76%
R(1876-1877) Rutherford B. Hayes
71%
R(1868-1872) Rutherford B. Hayes
71%
R(1892-1896) William McKinley
67%
R(1906-1909) Andrew L. Harris
57%
R(1975-1983) Jim Rhodes
57%
R(1963-1971) Jim Rhodes
57%
R(1991-1998) George Voinovich
52%
DR(1818-1822) Ethan Allen Brown
43%
R(1866-1868) Jacob Dolson Cox
43%
D(1917-1921) James M. Cox
43%
D(1913-1915) James M. Cox
43%
R(1957-1957) John William Brown
43%
D(1983-1991) Dick Celeste
38%
R(1998-1999) Nancy Hollister
38%
D(1931-1935) George White
29%
R(1921-1923) Harry L. Davis
29%
D(1971-1975) John J. Gilligan
29%
R(1939-1945) John W. Bricker
29%
R(1856-1860) Salmon P. Chase
29%
DR(1803-1807) Edward Tiffin
24%
DR(1810-1814) Return J. Meigs Jr.
24%
D(1850-1853) Reuben Wood
24%
R(1877-1878) Thomas L. Young
24%
D(1874-1876) William Allen
24%
R(1865-1866) Charles Anderson
19%
R(1957-1959) C. William O'Neill
19%
D(1949-1957) Frank Lausche
19%
D(1945-1947) Frank Lausche
19%
D(1959-1963) Michael DiSalle
19%
W(1849-1850) Seabury Ford
19%
DR(1814-1818) Thomas Worthington
19%
R(1896-1900) Asa S. Bushnell
14%
D(1923-1929) A. Victor Donahey
14%
R(1880-1884) Charles Foster
14%
R(1900-1904) George K. Nash
14%
DR(1822-1826) Jeremiah Morrow
14%
R(1886-1890) Joseph B. Foraker
14%
R(1947-1949) Thomas J. Herbert
14%
NR(1826-1830) Allen Trimble
10%
DR(1822-1822) Allen Trimble
10%
R(1862-1864) David Tod
10%
NR(1830-1832) Duncan McArthur
10%
R(1872-1874) Edward Follansbee Noyes
10%
R(1915-1917) Frank B. Willis
10%
D(1884-1886) George Hoadly
10%
D(1890-1892) James E. Campbell
10%
U(1864-1865) John Brough
10%
D(1906-1906) John M. Pattison
10%
D(1836-1838) Joseph Vance
10%
D(1909-1913) Judson Harmon
10%
D(1935-1939) Martin L. Davey
10%
W(1844-1846) Mordecai Bartley
10%
R(1929-1931) Myers Y. Cooper
10%
R(1904-1906) Myron T. Herrick
10%
DR(1814-1814) Othniel Looker
10%
D(1878-1880) Richard M. Bishop
10%
D(1832-1836) Robert Lucas
10%
DR(1808-1810) Samuel Huntington
10%
W(1840-1842) Thomas Corwin
10%
DR(1807-1808) Thomas Kirker
10%
D(1844-1844) Thomas W. Bartley
10%
W(1846-1849) William Bebb
10%
R(1860-1862) William Dennison Jr.
10%
D(1853-1856) William Medill
10%
D(1842-1844) Wilson Shannon
10%
D(1838-1840) Wilson Shannon
10%
No matching quizzes found
Score Distribution
Percent of People with Each Score
Percentile by Number Answered
Your Score History
You have not taken this quiz